Practical guide to forestry/ (Record no. 16957)
[ view plain ]
| 000 -LEADER | |
|---|---|
| fixed length control field | 00546nam a22002057a 4500 |
| 003 - CONTROL NUMBER IDENTIFIER | |
| control field | BD-DhSAU |
| 005 - DATE AND TIME OF LATEST TRANSACTION | |
| control field | 20230809114001.0 |
| 008 - FIXED-LENGTH DATA ELEMENTS--GENERAL INFORMATION | |
| fixed length control field | 230621b2018ii |||ad||| |||| 001 0 eng d |
| 020 ## - INTERNATIONAL STANDARD BOOK NUMBER | |
| International Standard Book Number | 9789387642959 |
| 040 ## - CATALOGING SOURCE | |
| Original cataloging agency | BD-DhSAU |
| 082 ## - DEWEY DECIMAL CLASSIFICATION NUMBER | |
| Edition number | 22 |
| Classification number | 634.90202 An866 |
| 100 ## - MAIN ENTRY--PERSONAL NAME | |
| Personal name | Anthonia, D. |
| 245 ## - TITLE STATEMENT | |
| Title | Practical guide to forestry/ |
| Statement of responsibility, etc. | D. Anthonia |
| 260 ## - PUBLICATION, DISTRIBUTION, ETC. (IMPRINT) | |
| Place of publication, distribution, etc. | New Delhi: |
| Name of publisher, distributor, etc. | Agri Horti Press, |
| Date of publication, distribution, etc. | 2018 |
| 300 ## - PHYSICAL DESCRIPTION | |
| Extent | v, 320 p. : |
| Other physical details | ills. , Tables, |
| Dimensions | 22 cm. |
| 500 ## - GENERAL NOTE | |
| General note | Includes index. |
| 590 ## - Name of Cataloguer | |
| Name of Cataloger | Roy |
| 650 ## - SUBJECT ADDED ENTRY--TOPICAL TERM | |
| Topical term or geographic name as entry element | Forestry |
| 942 ## - ADDED ENTRY ELEMENTS (KOHA) | |
| Source of classification or shelving scheme | Dewey Decimal Classification |
| Koha item type | Book |
| Withdrawn status | Lost status | Source of classification or shelving scheme | Damaged status | Not for loan | Coded location qualifier | Home library | Branch Name | Shelving location | Date acquired | Coded location qualifier | Total Checkouts | Full call number | Barcode | Date last seen | Price effective from | Koha item type |
|---|---|---|---|---|---|---|---|---|---|---|---|---|---|---|---|---|
| Dewey Decimal Classification | | | SAU Library | SAU Library | General Stacks | 21/06/2023 | | | 634.90202 An866 | 44637 | 12/12/2023 | 09/08/2023 | Book |
